00407nam a22000977a 4500008004100000082002200041100000800063245019500071260003500266300000800301230612b xxu||||| |||| 00| 0 eng d a352.12520912bKEN cGOK a2007/2008 District Allocation Budget of the Ministry of state, Provisional Administration and Internal Security for the Year Ending 30th June, 2008bVote R01 and D01cOffice of the president aNairobi, KenyabGOKcJune 2008 a69p